000 00744nam a22002657a 4500
001 BR7908637
003 BR-BrBNA
005 20230928090403.0
007 ta
008 230509b bl.||||| |||| 00| 0 por d
040 _aBR-BrBNA
_bpor
_cBiblioteca Nacional de Agricultura
041 _a(Por)
072 _aE15
090 _ E15 BR7908637
110 1 _aFundacao Educacional Padre Landell de Moura, Porto Alegre, RS (Brasil)
_94881
245 1 _aManual de administracao rural
_bTelepromocao rural
250 1 _a2. ed.
260 3 _aPorto Alegre, RS (Brasil):
_c1979.
300 _a33 p.
650 _aADMINISTRACAO RURAL
650 _aEMPRESA AGRICOLA
650 _aORCAMENTO
909 _a202309
_bLucia
_c55
_dLucia Elande
942 _cBK
999 _c28657
_d28657